1490 1978 1977 1802 1684 1977 1495 1847 1560 1180 1050 1301 1505 1948 1990 1872 1977 1558 1377 1623 1955 1651 1878 1126 1176 1825 1063 1187 1225 1199 1674 1694 1921 1603 1612 1358 1825 1015 1506 1139 1448 1911 1090 1078 1231 1530 1349 1556 1475 1568 1384 1653 1935 1911 1810 1123 1014 1768 1131 1421 1123 1269 1174 1743 1983 1736 1236 1575 1056 1612 1536 1123 1770 1656 1737 1265 1028 1332 1358 1852 1385 1708 1976 1794 1769 1899 1141 1855 1913 1814 1588 1509 1613 1819 1917 1312 1257 1924 1303 BCNSPRNW ULIB Ver.6.0+V

เปลี่ยนเป็นภาษาไทย

Change to English
 แสดงรายละเอียดบรรณานุกรม
  กลับหน้าหลัก

Brief Record : Get Marc (ISO 2709) : E-mail record : QR code < ปิดหน้าต่าง
LEADER : 00000nam 2200000uu 4500
001    13399112910
003     ULIB
008    110916s2553||||th 000 0 tha d
020    9786165000499
090    นว.^bร147ก 2553
100 0  ร่มแก้ว
245 00 กับดักรักลวง/^cร่มแก้ว
250    พิมพ์ครั้งที่ 2
260    กรุงเทพฯ :^bพิมพ์คำ,^c2553
300    339 หน้า
945    ^p240^l0^i16995
995    กัณชพร
999     ^aใช้งานได้ทุกระบบ
รายการนี้ยังไม่มีแท็ก
คุณยังไม่ได้ล็อกอิน คุณสามารถมีกิจกรรมร่วมกับเว็บไซต์ได้ แต่ต้องล็อกอินก่อน ::
  ล็อกอิน

รายการสื่อสารสนเทศ

ลำดับที่ ประเภท เลขเรียก/บาร์โค้ด สถานที่ สถานะ
1. วิทยาศาสตร์การแพทย์ และสุขภาพ
วิทยาศาสตร์การแพทย์ และสุขภาพ
นว. ร147ก 2553  
  Barcode: 16995
ห้องสมุดวิทยาเขตสวรรค์ประชารักษ์
►นวนิยาย
บนชั้น
  ขอยืม

รายการใกล้เคียง
    ผู้แต่ง [ร่มแก้ว]

BibComment


ยังไม่เคยถูกคอมเมนท์

คอมเมนท์ทรัพยากรรายการนี้
  คอมเมนท์: กับดักรักลวง ร่มแ..


 Copyright 2026. Bcnsprnw @Library